Legal and General Assurance Society Ltd v Expeditors International (UK) Ltd (Record no. 77095)

MARC details
000 -LEADER
fixed length control field 01988cab a2200253 4500
001 - CONTROL NUMBER
control field ##L133589
008 - FIXED-LENGTH DATA ELEMENTS--GENERAL INFORMATION
fixed length control field 060522n2006 000 0 eng u
035 ## - SYSTEM CONTROL NUMBER
System control number (Sirsi) u133589
041 0# - LANGUAGE CODE
Language code of text/sound track or separate title eng
245 00 - TITLE STATEMENT
Title Legal and General Assurance Society Ltd v Expeditors International (UK) Ltd
260 ## - PUBLICATION, DISTRIBUTION, ETC.
Date of publication, distribution, etc. 2006
490 #0 - SERIES STATEMENT
Series statement Estates Gazette
Volume/sequential designation [2006] 18 EG 151 (CS) (1)
520 ## - SUMMARY, ETC.
Summary, etc. ChD, 28 April 2006. "Considers whether a break clause terminating commercial leases was effective because the tenant had not delivered up the premises with vacant possession. E had served break notices and subsequently reached a settlement with L, releasing E on payment of £172 000 from any further liabilities under the lease. E covenanted to keep the premises in no worse a state than they were at the date when a schedule of dilapidations had been produced. L claimed arrears of rent and service charges contending that the break clause was invalid as the premises were not with vacant possession. E argued that a full and final settlement had been reached earlier and the lease had been validly terminated. "Held": claim dismissed. The parties had agreed that the break clause notices had terminated the leases and the sum paid to L had been calculated on that basis. L could not resile from the agreed compromise. It was not necessary to determine whether vacant possession had been granted in the instant case.
590 ## - LOCAL NOTE (RLIN)
Local note IKA230506
650 24 - SUBJECT ADDED ENTRY--TOPICAL TERM
Topical term or geographic name entry element NORWICH UNION LIFE INSURANCE SOCIETY V PRESTON
650 24 - SUBJECT ADDED ENTRY--TOPICAL TERM
Topical term or geographic name entry element LEGAL AND GENERAL ASSURANCE SOCIETY LTD V EXPEDITORS INTERNATIONAL (UK) LTD
650 24 - SUBJECT ADDED ENTRY--TOPICAL TERM
Topical term or geographic name entry element CUMBERLAND CONSOLIDATED HOLDINGS LTD V IRELAND
650 24 - SUBJECT ADDED ENTRY--TOPICAL TERM
Topical term or geographic name entry element HYNES V VAUGHAN
650 24 - SUBJECT ADDED ENTRY--TOPICAL TERM
Topical term or geographic name entry element ROYAL BANK OF CANADA V SOS DEFENCE
650 24 - SUBJECT ADDED ENTRY--TOPICAL TERM
Topical term or geographic name entry element JOHN LAING CONSTRUCTION LTD V AMBER PASS LTD
651 #4 - SUBJECT ADDED ENTRY--GEOGRAPHIC NAME
Geographic name England and Wales
Chronological subdivision 1543-
690 ## - LOCAL SUBJECT ADDED ENTRY--TOPICAL TERM (OCLC, RLIN)
Topical term or geographic name as entry element PROPERTY-COMMERCIAL PROPERTY-LEASEHOLD COMMERCIAL PROPERTY-COMMERCIAL LANDLORD AND TENANT-COMMERCIAL LEASES-BREACHING COMMERCIAL LEASES
942 ## - ADDED ENTRY ELEMENTS (KOHA)
Suppress in OPAC 0
Holdings
Withdrawn status Lost status Source of classification or shelving scheme Damaged status Not for loan Home library Current library Shelving location Date acquired Total Checkouts Full call number Barcode Date last seen Copy number Price effective from Koha item type
    Dewey Decimal Classification     London London Journal article 22/05/2006   L133589 133589-1001 06/08/2019 1 06/08/2019 Law report